Molecular modelling : (Record no. 15106)

MARC details
000 -LEADER
fixed length control field 01209cam a22003254i 4500
001 - CONTROL NUMBER
control field 12160108
003 - CONTROL NUMBER IDENTIFIER
control field EG-ScBUE
005 - DATE AND TIME OF LATEST TRANSACTION
control field 20250720112554.0
008 - FIXED-LENGTH DATA ELEMENTS--GENERAL INFORMATION
fixed length control field 000831s2001 enka f b 001 0 eng d
020 ## - INTERNATIONAL STANDARD BOOK NUMBER
International Standard Book Number 0582382106 (pbk.)
020 ## - INTERNATIONAL STANDARD BOOK NUMBER
International Standard Book Number 9780582382107 (pbk.)
040 ## - CATALOGING SOURCE
Original cataloging agency EG-ScBUE
Language of cataloging eng
Description conventions rda
Transcribing agency EG-ScBUE
Modifying agency EG-ScBUE
082 04 - DEWEY DECIMAL CLASSIFICATION NUMBER
Classification number 541.220113
Edition number 22
Item number LEA
100 1# - MAIN ENTRY--PERSONAL NAME
Personal name Leach, Andrew R.,
9 (RLIN) 23032
Relator term author.
245 10 - TITLE STATEMENT
Title Molecular modelling :
Remainder of title principles and applications /
Statement of responsibility, etc Andrew R. Leach, Glaxo Wellcome Research and Development.
250 ## - EDITION STATEMENT
Edition statement Second edition.
264 #1 - PUBLICATION, DISTRIBUTION, ETC. (IMPRINT)
Place of publication, distribution, etc Harlow, England :
Name of publisher, distributor, etc Pearson/Prentice Hall,
Date of publication, distribution, etc 2001.
300 ## - PHYSICAL DESCRIPTION
Extent xxiii, 744 pages :
Other physical details illustrations (some color) ;
Dimensions 24 cm
336 ## - CONTENT TYPE
Source rdacontent
Content type term text
Content type code txt
337 ## - MEDIA TYPE
Media type term unmediated
Source rdamedia
Media type code n
338 ## - CARRIER TYPE
Carrier type term volume
Carrier type code nc
Source rdacarrier
500 ## - GENERAL NOTE
General note Includes Appendices.<br/>
504 ## - BIBLIOGRAPHY, ETC. NOTE
Bibliography, etc Includes bibliographical references and index.
650 #7 - SUBJECT ADDED ENTRY--TOPICAL TERM
Topical term or geographic name as entry element Molecular structure
General subdivision Computer simulation.
9 (RLIN) 23033
Source of heading or term BUEsh
650 #7 - SUBJECT ADDED ENTRY--TOPICAL TERM
Topical term or geographic name as entry element Molecules
General subdivision Models
-- Computer simulation.
9 (RLIN) 23034
Source of heading or term BUEsh
653 ## - INDEX TERM--UNCONTROLLED
Arrived date list April2011
655 ## - INDEX TERM--GENRE/FORM
Form subdivision Reading book
856 ## - ELECTRONIC LOCATION AND ACCESS
Materials specified Use the online resources for this book
Uniform Resource Identifier <a href="http://www.booksites.net">http://www.booksites.net</a>
942 ## - ADDED ENTRY ELEMENTS (KOHA)
Source of classification or shelving scheme Dewey Decimal Classification
Koha item type Book - Borrowing
Holdings
Withdrawn status Lost status Source of classification or shelving scheme Damaged status Not for loan Collection code Home library Current library Shelving location Date acquired Source of acquisition Cost, normal purchase price Serial Enumeration / chronology Total Checkouts Full call number Barcode Date last seen Koha item type
    Dewey Decimal Classification     Baccah Central Library Central Library First floor 14/04/2011 Purchase 180.00 12084   541.220113 LEA 000023236 15/07/2025 Book - Borrowing